|
|
|
|
| LEADER |
00000caa a22000002c 4500 |
| 001 |
1912607824 |
| 003 |
DE-627 |
| 005 |
20250126055022.0 |
| 007 |
cr uuu---uuuuu |
| 008 |
241217s1997 xx |||||o 00| ||eng c |
| 035 |
|
|
|a (DE-627)1912607824
|
| 035 |
|
|
|a (DE-599)KXP1912607824
|
| 040 |
|
|
|a DE-627
|b ger
|c DE-627
|e rda
|
| 041 |
|
|
|a eng
|
| 084 |
|
|
|a 2,1
|2 ssgn
|
| 100 |
1 |
|
|a Berger, Dale E.
|e VerfasserIn
|4 aut
|
| 245 |
1 |
0 |
|a Legal and social control of alcohol-impaired driving in California: 1983-1994
|
| 264 |
|
1 |
|c 1997
|
| 336 |
|
|
|a Text
|b txt
|2 rdacontent
|
| 337 |
|
|
|a Computermedien
|b c
|2 rdamedia
|
| 338 |
|
|
|a Online-Ressource
|b cr
|2 rdacarrier
|
| 700 |
1 |
|
|a Marelich, William D.
|e VerfasserIn
|4 aut
|
| 773 |
0 |
8 |
|i Enthalten in
|t Journal of studies on alcohol
|d Piscataway, NJ : Alcohol Research Documentation, Inc., 1975
|g 58(1997), 5, Seite 518-523
|h Online-Ressource
|w (DE-627)341347035
|w (DE-600)2067418-1
|w (DE-576)262268922
|x 1934-2683
|7 nnas
|
| 773 |
1 |
8 |
|g volume:58
|g year:1997
|g number:5
|g pages:518-523
|
| 787 |
0 |
8 |
|i Forschungsdaten
|a Snortum, John
|t Drinking and Driving: A Survey of Licensed Drivers in the United States, 1983
|d [Erscheinungsort nicht ermittelbar] : [Verlag nicht ermittelbar], 1985
|w (DE-627)1840064625
|
| 856 |
4 |
0 |
|u https://www.ncjrs.gov/App/Publications/abstract.aspx?ID=174162
|x Verlag
|z lizenzpflichtig
|3 Volltext
|7 1
|
| 935 |
|
|
|a mkri
|
| 951 |
|
|
|a AR
|
| ELC |
|
|
|a 1
|
| LOK |
|
|
|0 000 xxxxxcx a22 zn 4500
|
| LOK |
|
|
|0 001 4637573343
|
| LOK |
|
|
|0 003 DE-627
|
| LOK |
|
|
|0 004 1912607824
|
| LOK |
|
|
|0 005 20241217044643
|
| LOK |
|
|
|0 008 241217||||||||||||||||ger|||||||
|
| LOK |
|
|
|0 035
|a (DE-2619)ICPSR45375
|
| LOK |
|
|
|0 040
|a DE-2619
|c DE-627
|d DE-2619
|
| LOK |
|
|
|0 092
|o n
|
| LOK |
|
|
|0 852
|a DE-2619
|
| LOK |
|
|
|0 852 1
|9 00
|
| LOK |
|
|
|0 935
|a nacp
|
| LOK |
|
|
|0 939
|a 17-12-24
|b l01
|
| ORI |
|
|
|a SA-MARC-krimdoka001.raw
|